| 000 | 00486nam a2200181Ia 4500 | ||
|---|---|---|---|
| 008 | 230524s9999 xx 000 0 und d | ||
| 020 | _a9788131704820 | ||
| 082 |
_a620 _bTHO |
||
| 100 | _aWilliam T.Thomson | ||
| 245 | 0 | _a"Theory of Vibrations With Applications," | |
| 250 | _a5 | ||
| 260 |
_aNew Delhi _bPearson _c2013 |
||
| 300 | _a"1;491p," | ||
| 500 | _aQuantity Number: 50 | ||
| 650 | _aMechanics | ||
| 700 | _a"Marie Dillon Dahleh, Chandramouli Padmanabhan" | ||
| 942 | _cBK | ||
| 999 |
_c54455 _d54455 |
||